| 000 | 00821cam a22002651 4500 | ||
|---|---|---|---|
| 001 | sa 63004775 | ||
| 003 | DLC | ||
| 005 | 20260227111951.0 | ||
| 008 | 910124s1962 pk 000 0 eng | ||
| 010 | _asa 63004775 | ||
| 035 | _a(OCoLC)24198400 | ||
| 040 |
_aDLC _cViU _dDLC |
||
| 042 | _apremarc | ||
| 050 | 0 | 0 |
_aKPL956.A311913 _bA4 1962 |
| 110 | 1 | _aPakistan. | |
| 240 | 1 | 0 | _aLaws, etc. |
| 245 | 1 | 4 |
_aThe Companies act, 1913 (VII of 1913) : _bas modified up to the 31st May 1961. |
| 260 |
_aKarachi, Manager of Publications, Govt. of Pakistan, _c1962. |
||
| 300 |
_a237 p. : _bill. ; _c25 cm. |
||
| 500 | _aCover title. | ||
| 500 | _aAt head of title: Govt. of Pakistan, Ministry of Law. | ||
| 500 | _aErrata slip inserted. | ||
| 650 | 0 |
_aCorporation law _zPakistan. |
|
| 710 | 1 |
_aPakistan. _bMinistry of Law. |
|
| 999 |
_c55845 _d55845 |
||